000 00530pab a2200181 454500
008 180718b2008 xxu||||| |||| 00| 0 eng d
100 _aSwaminathan, Padmini
245 _aEducation and skill development in the context of declining rate of formal employment generation: issues for discussion
260 _c2008
300 _ap.843-56.
362 _aOct-Dec
650 _aEmployment
650 _aEducation
650 _aSkills development
773 _aIndian Journal of Labour Economics
908 _aN
909 _a80930
999 _c80930
_d80930